MDQL
is popping MORE tags! Check the
thread
!
Quizzes
Events
Quiz Creation
Community
Videos
Private Events
Remove Ads
Sign In
Join for FREE
Feedback
Dark Mode
Quiz Categories
Sports
Geography
Music
Movies
Television
Just For Fun
Miscellaneous
History
Literature
Language
Science
Gaming
Entertainment
Religion
Holiday
For Kids
Quiz Lab
Recent
Popular Today
Quiz Kudos Today
Editor Picks
Curator Picks
Quizzes by...
Day
Popularity
Type
Ratings
Length
Year
Community
Subscriptions
Recent Discussions
Orange Saloon
Badges
Playlists
Quests
Create
Leaderboards
Showdown
Live 5
Trivia Bingo
Activity
Puzzle Library
Sporcle Events
Private Events
Virtual Trivia
Globe League
Become a Host
Pub Owners
SporcleCon
Opinionation
Our Games
Videos
Blog
Mobile Apps
Partnerships
Remove Ads and Go Orange
Feedback
Language
Vocabulary
Begins and Ends
Definition
Spanish
French
German
Italian
Chinese
Latin
Translation
Japanese
Language
Vocabulary
Begins and Ends
Definition
Spanish
French
German
Italian
Chinese
Latin
Translation
Japanese
Random Quiz
Search Sporcle
×
Quiz Lab
Quiz Lab
Language
Spanish
Type in answers that appear in a list
Type in answers that appear in a list
Classic
Best Score? Go Orange.
Spanish AQA vocab - Free time (Copy) Stats
Can you name the Spanish AQA vocab - Free time?
By
hollychamberlain
10m
149 Questions
67 Plays
67 Plays
67 Plays
Comments
Comments
Give Quiz Kudos
Give Quiz Kudos
-
- Ratings
hide this ad
Forced Order
Answers have to be entered in order
Answers have to be entered in order
Random Order
Randomize order of answers
Randomize order of answers
Replay
Link that replays current quiz
Next Quiz
Link to next quiz in quiz playlist
You Got
0%
They Got
Avg Score
46%
Avg Friend Score
Upgrade to see
Score Distribution
Jump to the score distribution portion of the page
Score
0/149
Timer
10:00
0
Plays Today
Hint
Answer
% Correct
la película de horror
horror film
80.6%
el tenis
tennis
79.1%
el supermercado
supermarket
74.6%
el teléfono
telephone
74.6%
la fiesta
festival
73.1%
el cumpleanos
birthday
73.1%
escuchar
to listen
71.6%
la música
music
71.6%
la película romántica
romantic film
71.6%
el cine
cinema
71.6%
ir de compras
to go shopping
71.6%
la guitarra
guitar
70.1%
jugar
to play
70.1%
la película
film
70.1%
la cienca ficción
science fiction
68.7%
la comedia
comedy
67.2%
leer
to read
67.2%
ver
to see
67.2%
la navidad
christmas
67.2%
la cámara digital
digital camera
67.2%
el móvil
mobile
67.2%
el deporte
sport
65.7%
el tiempo libre
free time
65.7%
el videojuego
videogame
65.7%
aburrido/
a
boring
65.7%
bailar
to dance
65.7%
el ciclismo
cycling
65.7%
el fin de semana
weekend
65.7%
el dinero
money
65.7%
el baile
dance
64.2%
hacer los deberes
to do homework
64.2%
la natación
swimming
64.2%
el mensaje
message
62.7%
la película de acción
action film
62.7%
salir
to go out
62.7%
la biblioteca
library
62.7%
el atletismo
athletics
61.2%
la ropa
clothes
61.2%
los zapatos
shoes
61.2%
invitar
to invite
58.2%
la camiseta
tshirt
58.2%
el ping pong
table tennis
56.7%
tocar
to play
56.7%
correr
to run
56.7%
tienda de ropa
clothes shop
56.7%
llevar
to wear
55.2%
el estadio
stadium
53.7%
el equipo
team
52.2%
la chaqueta
jacket
52.2%
la falda
skirt
52.2%
Hint
Answer
% Correct
la imagen
image
52.2%
tienda
shop
52.2%
el vestido
dress
52.2%
Gran Hermano
Big Brother
50.7%
la telenovela
soap opera
50.7%
montar
to ride
50.7%
la moda
fashion
50.7%
la camisa
shirt
50.7%
la oferta especial
special offer
50.7%
el juego
game
50.7%
la librería
book shop
50.7%
las noticias
news
49.3%
el portátil
laptop
49.3%
el precio
price
49.3%
conectarse
to connect
49.3%
descargar
to download
49.3%
pagar
to pay
47.8%
las zapatillas de deporte
trainers
47.8%
las botas
boots
47.8%
el tipo
type
47.8%
el regalo
present
46.3%
de sugunda mano
second hand
46.3%
la zapatería
shoe shop
46.3%
la desventaja
disadvantage
46.3%
la videoconsola
video console
46.3%
recibir
to recieve
44.8%
la targeta de crédito
credit card
44.8%
la calidad
quality
44.8%
costar
to cost
44.8%
la ventaja
advantage
44.8%
la batería
drums
43.3%
el disco compacto
cd
43.3%
los dibujos animados
cartoons
43.3%
el partido
match
43.3%
el parque temático
theme park
43.3%
el descuento
discount
43.3%
mejorar
to improve
41.8%
el correo basura
junk mail
41.8%
entretenido/
a
entertaining
41.8%
el mensajero instantáneo
instant message
41.8%
pasarlo mal
to have a bad time
41.8%
pasarlo bien
to have a good time
40.3%
encontrar
to find
40.3%
la mayoría
the majority
40.3%
la corbata
tie
40.3%
la entrada
ticket
38.8%
disfrutar
to enjoy
38.8%
la revista
magazine
38.8%
los calcetines
socks
38.8%
de buena calidad
good quality
38.8%
Hint
Answer
% Correct
el espectáculo
show
37.3%
ahorrar
to save
37.3%
mandar
to send
37.3%
gastar
to spend
35.8%
estar de moda
to be fashionable
35.8%
los pendientes
earrings
35.8%
vaqueros
jeans
35.8%
el ambiente
atmosphere
34.3%
el collar
necklace
34.3%
guardar
to keep
34.3%
la llamada
call
34.3%
el ordenador portátil
laptop computer
32.8%
la serie policíca
crime series
32.8%
el cinturón
belt
32.8%
la gorra
hat
32.8%
el ocio
leisure
31.3%
la paga
pocket money
31.3%
la talla
size
31.3%
la copa
trophy
29.9%
la televisión plana
flatscreen television
29.9%
el campeonato
championship
28.4%
el dia festivo
bank holiday
28.4%
el finde
weekend
28.4%
regalar
to give
28.4%
la comodidad
comfort
28.4%
los guantes
gloves
28.4%
navegar en la red
to surf the web
28.4%
la montana rusa
roller coaster
26.9%
pasar
to spend time
26.9%
los grandes almacenes
department stores
26.9%
la ropa de marca
designer clothes
26.9%
el equipo de música
music system
26.9%
la lana
wool
25.4%
el tamano
size
25.4%
el santo
saints day
23.9%
el cuero
leather
23.9%
chatear
to chat online
23.9%
el descanso
break
22.4%
el/
la jugador(a) juvenil
youth team player
22.4%
las medias
tights
22.4%
un rato
a little while
20.9%
la carrera
race
20.9%
la blanda ancha
broadband
20.9%
la publicidad
advertising
19.4%
el panuelo
scarf
19.4%
irse bien
to fit
17.9%
el rato
short time
16.4%
probarse
to try on
13.4%
devolver
to give back
13.4%
Quiz Playlist
Details
Report
Send in Message
Add To Playlist
Classic:
Type in answers that appear in a list
Forced Order:
Answers have to be entered in order
Random Order:
Randomize order of answers
Last Updated: Feb 16, 2017
Quiz Scoreboard
CHALLENGE
Sign Up to Join the Scoreboard
Show All
Scores
Hide
Comments
May contain spoilers
Recently Published
5x2 Blitz: Bands
by SL_Kpop136
Music
30s
Colored Red Africa Blitz
by spor1
Geography
30s
Find the 'City' Movie
by crazypaving
Movies
60s
More to Explore
Quiz From the Vault
Featured Blog Post
14 Easter Pick-up Lines to Find Eggs With
hide this ad
You Might Also Like...
Tags
Spanish Quiz
AQA
free
Today's Top Quizzes in Language
Browse Language
hide this ad
Today's Top Quizzes in Spanish
Browse Spanish
Top Contributed Quizzes in Language
1
What Word Starts All?
2
Arabic Numerals
3
1-10 Letter F Words III
4
1-10 Letter G Words III
5
1-10 Letter H Words III
6
1-10 Letter I Words III
7
Latihan Huruf Hiragana KA KI KU KE KO
8
Weisst du, aus welchen Sprachen diese Wörter stammen?
9
1-10 Letter J Words III
10
1-10 Letter K Words III
Explore More
Trending Topics
NBA
Disney
Crossword
Kpop
Anime
Harry Potter
Marvel
NFL
Country
Song
Pokémon
The Office
Puzzle
Soccer
WWE
hide this ad
More By:
hollychamberlain
Quiz
Plays
Rating
Category
Featured
Created
IGCSE Physics Equations
5,696
3.25
Science
Apr 5, 2015
Pretty Little Liars Character A-Z
3,055
4.20
Entertainment
Mar 21, 2015
Once Upon a Time Characters
1,053
2.33
Entertainment
Jan 18, 2015
Once Upon a Time Characters By Fairytale
328
5.00
Entertainment
Aug 25, 2017
Spanish AQA vocab - Free time (Copy)
67
Language
Mar 30, 2015
Go to Creator's Profile
Score Distribution
Quiz Creator Spotlight
hollychamberlain
Follow
Send a Message
Quizzes Created
-
Created Quiz Play Count
-
More By This Creator
Popular Quizzes Today
1
Colored Red Africa Blitz
2
Find the US States - No Outlines Minefield
3
Find the 'City' Movie
4
5x2 Blitz: Bands
5
The Countries of the World
6
Find the US States
7
US States
8
Find the Countries of Europe - No Outlines Minefield
More Language Quizzes
Ñ or Not?
Published
Trending Quizzes
Colored Red Europe Blitz I
Colored Red Europe Blitz II
Colored Red Africa Blitz II
Colored Red Europe Blitz III
Colored Red Africa Blitz III
Recently Updated
How Do You Spell That?
pecheneg
Godzilla Movies
pecheneg
Grab Bag: 4-10 Letters
pecheneg
2024 March Madness Bracket
pecheneg
Famous TV Couples
Peacemaker
Champions League XIs: Real Madrid
pecheneg
Largest US Cities 1790-2010
pecheneg
Rides in Walt Disney World
pecheneg
Most Oscar Losses (Acting)
pecheneg
Beyoncé Albums
pecheneg
Trending Topics
NBA
Anime
Harry Potter
Marvel
Kpop
Crossword
Disney
Song
Soccer
NFL
Puzzle
The Office
Pokémon
Country
WWE
Your Account Isn't Verified!
In order to create a playlist on Sporcle, you need to verify the email address you used during registration. Go to your
Sporcle Settings
to finish the process.
Report this User
Report this user for behavior that violates our
Community Guidelines
.
Details:
Send Report
Go to the Sporcle.com Mobile Site →
Comments